Statistiques concernant Capitales commençant par S

Cliquez ici pour prendre le quiz!

Statistiques générales

  • Ce quiz a été pris 302 fois
    (290 depuis la dernière actualisation)
  • Le résultat moyen est 10 sur 18

Statistiques - réponses

Capitales% Correct
Stockholm
80%
Saint Marin
76%
Santiago
76%
Sarajevo
70%
Séoul
67%
San Salvador
64%
San José
62%
Sao Tomé
59%
Singapour
59%
Sanaa
58%
Saint Domingue
55%
Sofia
55%
Suva
50%
Skopje
47%
Saint Georges
46%
Saint John's
46%
Sucre
36%
Sri Jayawardenapura Kotte
24%

Distribution des résultats

Percentile par nombre de réponses

% des personnes avec chaque résultat

Votre développement - résultats

Vous n’avez pas pris ce quiz depuis la dernière actualisation